01217nam a2200265 i 4500001000300000003000400003005001700007008003900024040000800063080001000071080000900081245038100090246006800471260002600539650002600565650002900591655002900620658002800649700004400677700004100721856009800762942001200860999001700872952006200889bgBPK20210204135022.0 s1987 pl f |100 0 pol cBPK a628.3 a(06) 3aII Ogólnopolska Konferencja Naukowa na temat Kompleksowe i szczegółowe problemy inżynierii środowiska :bzbiór referatów.nZ. 4-monotematyczny,pBadania i opracowanie technologii kompleksowego oczyszczania ścieków poprodukcyjnych Fabryki Materiałów i Wyrobów Ściernych KORUND w Kole /caut. Anna Anielak, Tadeusz Piecuch ; [red. nauk. Tadeusz Piecuch]. aKompleksowe i szczegółowe problemy inżynierii środowiska aCzęstochowa,c1987. 4aŚcieki przemysłowe 4aOczyszczanie ścieków 4aMateriały konferencyjne aInżynieria i technika1 aAnielak, Anna Mariad(1952- )eRedakcja1 aPiecuch, Tadeuszd(1946-2018)eAutor uhttp://koha.tu.koszalin.pl/cgi-bin/koha/opac-detail.pl?biblionumber=23419yKatalog online BPK cKS2UKD c23419d23419 00104071aBPKbBPKcco33516p01471977t628.1/.8 IsyKS